• 首页
  • 本馆介绍
  • 公告通知
  • 最新文献
  • 馆藏检索
  • 电子资源
  • 读者导购
  • 参考咨询
  • 我的图书馆
  • 登录
  • 详细信息显示
  • 放入我的书架
  • 预约/预借图书
  • 作者相关作品
  • 分类相关作品
  • 丛书相关作品
  • 出版社相关作品

书目信息

  • 表格格式
  • 工作单格式
  • 卡片格式
题名:
增订中国史学史
    
 
作者: 谢保成 著
分册:   先秦至唐前期
出版信息: 北京   商务印书馆  2016
页数: 38,626页
开本: 21cm
丛书名:
单 册:
中图分类: K092.2
科图分类:
主题词: 史学史--shi xue shi--中国--古代
电子资源:
ISBN: 978-7-100-12568-0
000 00948nam0 22002291 450
001 0109172529
005 20170327111850.26
010    @a978-7-100-12568-0@b精装@dCNY86.00
100    @a20161126d2016 em y0chiy50 ea
101 0  @achi
102    @aCN@b110000
105    @ay z 000yy
106    @ar
200 1  @a增订中国史学史@9zeng ding zhong guo shi xue shi@i先秦至唐前期@f谢保成著
210    @a北京@c商务印书馆@d2016
215    @a38,626页@d21cm
330    @a本书介绍从先秦至唐前期中国史学的发展演变过程,这一时期为“史”从产生到第一次系统总结的过程,主要包括两个阶段:中国史学的起源和形成、汉初至唐前期史学地位得到巩固确立。本书从“史”的产生论起,扩至史学、史官、史书的演变及纪传与编年、通史与断代史的体例发展,对于研究唐朝以前史学发展具有参考作用。
606 0  @a史学史@9shi xue shi@y中国@z古代
690    @aK092.2@v5
701  0 @a谢保成@9xie bao cheng@f(1943~)@4著
801  0 @aCN@bTANGWEI@c20170308
905    @b0954324-6@dK092.2@e74@f3
    
    增订中国史学史.先秦至唐前期/谢保成著.-北京:商务印书馆,2016
    38,626页;21cm
    
    
    ISBN 978-7-100-12568-0(精装):CNY86.00
    本书介绍从先秦至唐前期中国史学的发展演变过程,这一时期为“史”从产生到第一次系统总结的过程,主要包括两个阶段:中国史学的起源和形成、汉初至唐前期史学地位得到巩固确立。本书从“史”的产生论起,扩至史学、史官、史书的演变及纪传与编年、通史与断代史的体例发展,对于研究唐朝以前史学发展具有参考作用。
●
相关链接 在E读中查询图书 在五车中查询图书 在当当中查询图书 在豆瓣中查询图书


正题名:增订中国史学史     索取号:K092.2/74         预约/预借

序号 登录号 条形码 馆藏地/架位号 状态 备注
1 0954324   209543243   第二样本阅览室/ [索取号:K092.2/74] 在馆    
2 0954325   209543252   第二借阅区/ [索取号:K092.2/74] 在馆    
3 0954326   209543261   第二借阅区/ [索取号:K092.2/74] 在馆    
唐山师范学院图书馆 欢迎您!
大连网信软件有限公司© 版权所有